000 00488cam a22001457a 4500
008 180718b1991 xxu||||| |||| 00| 0 eng d
082 _aBA27x54 G959s
245 _aSocial stratification
_cedited by Dipankar Gupta
260 _aDelhi
_bOxford University Press
_c1991
300 _a496p.
440 _aOxford in India Readings in Sociology and Social and cultural Anthropology; edited by T.N. Madan
650 _aSociology - India.
650 _aCaste - India
700 _aGupta, Dipankar
999 _c345237
_d345237